000 00300cam a2200121ua 4500
082 _a532
_bJAG/HY
100 _aJagdish, Lal.
_91655
245 _aHydraulics and Fluid Mechanics /
250 _a7 /
260 _aDelhi :
_bMetropolitan Book Co.private Ltd ,
_c1980.
300 _a734 ; .
942 _cBK
999 _c1344
_d1344